00572nam a22001697a 450000500170000000800400001702000150005705000190007210000360009124501110012725000200023826000310025830000200028944000550030950400210036465000170038520170901090611.0170824b sp ||||| |||| 00| 0 spad a843091815904aHM66bP56 19941 aPino Artacho, Juan del,eautor.13aLa teoría sociológicab: un marco de referencia analítico de la modernidadc / Juan del Pino Artacho a1a.ed.2a.reimp. aMadrid :b Tecnos, cc1994 a234 p. c23 cm. 0aserie de sociologíapColección semilla y surco aIncluye índice 4aSociología